The ministry of suits (Record no. 283)

MARC details
000 -LEADER
fixed length control field 01406nam a22002657a 4500
001 - CONTROL NUMBER
control field 283
003 - CONTROL NUMBER IDENTIFIER
control field FISKH
005 - DATE AND TIME OF LATEST TRANSACTION
control field 20230316120941.0
008 - FIXED-LENGTH DATA ELEMENTS--GENERAL INFORMATION
fixed length control field 230316b cb ||||| |||| 00| 0 eng d
020 ## - INTERNATIONAL STANDARD BOOK NUMBER
International Standard Book Number 9781250115102
040 ## - CATALOGING SOURCE
Original cataloging agency FISKH
Language of cataloging eng
Transcribing agency FISKH
Modifying agency FISKH
050 ## - LIBRARY OF CONGRESS CALL NUMBER
Classification number PZ7
082 ## - DEWEY DECIMAL CLASSIFICATION NUMBER
Classification number 813.6
100 ## - MAIN ENTRY--PERSONAL NAME
Personal name Gamble, Paul
245 ## - TITLE STATEMENT
Title The ministry of suits
Remainder of title If it' strange, unusual, or impossible, the ministry is on the case
Statement of responsibility, etc. Paul Gamble
260 ## - PUBLICATION, DISTRIBUTION, ETC.
Place of publication, distribution, etc. New York
Name of publisher, distributor, etc. Macmillan
Date of publication, distribution, etc. 2017
300 ## - PHYSICAL DESCRIPTION
Extent 377 p.
Dimensions 20 cm.
505 ## - FORMATTED CONTENTS NOTE
Formatted contents note M
520 ## - SUMMARY, ETC.
Summary, etc. "A thrilling and hilarious middle grade story,The Ministry of SUITs by Paul Gamble gives its readers a silly, but oddly thoughtful adventure they surely won't forget. But the wackiness doesn't end here at all--it all continues in the sequel,The Monster's Daughter. "A zany explosion of hilarity." -- Eoin Colfer, author of the Artemis Fowl series "It's like Douglas Adams wroteMen in Black but with Pirates, Dinosaurs and the Tooth Fairy. Genius, but a comic evil genius methinks." --Mo O'Hara, author of the My Big Fat Zombie Goldfish series "Gamble's debut novel is overflowing with offbeat humor...An entertaining read for fans of humorous adventure, such as Michael Buckley's "NERDS" series." --School Library Journal
521 8# - TARGET AUDIENCE NOTE
Target audience note 800<br/>
Source Lexile
521 8# - TARGET AUDIENCE NOTE
Target audience note M
Source Raz-Plus
650 ## - SUBJECT ADDED ENTRY--TOPICAL TERM
Topical term or geographic name entry element adventure
650 ## - SUBJECT ADDED ENTRY--TOPICAL TERM
Topical term or geographic name entry element children's adventure
942 ## - ADDED ENTRY ELEMENTS (KOHA)
Source of classification or shelving scheme Library of Congress Classification
Koha item type Books
Suppress in OPAC No
Holdings
Withdrawn status Lost status Source of classification or shelving scheme Damaged status Not for loan Collection Home library Current library Shelving location Date acquired Total Checkouts Full call number Barcode Date last seen Copy number Price effective from Koha item type
    Dewey Decimal Classification     Juvenile Fiction Footprints International School Library Network Toul Kork Campus Footprints International School Library Network Toul Kork Campus A TK Campus, 4th Floor, Room B401, Fiction Bookcases (1-6) 03/16/2023   GAM 813.6 PZ7 2023-0021 03/16/2023 1 03/16/2023 Books